000 01598 a2200241 4500
003 Nust
005 20230228141435.0
010 _a 97043762
020 _a0138402086
040 _cNust
082 0 0 _a519.54,WAL
100 1 _aWalpole, Ronald E.
245 1 0 _aProbability and statistics for engineers and scientists /
_cRonald E. Walpole, Raymond H. Myers, Sharon L. Myers.
250 _a8th ed.
260 _aUpper Saddle River, N.J. :
_bPrentice Hall,
_cc2009.
300 _a840 p. :
_bill. (some col.) ;
_c25 cm.
505 _aIntroduction to Statistics and Data Analysis (Page-25), Probability (Page-55), Random Varibles and Probability Distributions (Page-101),Mathematical Expectation (Page-131), Some Discrete Probability Distributions (Page-165), Some Continuous Probability Distributions (Page-195), Functions of Random Variables Optional (Page-235),Fundamental Sampling Distributions and Data Descriptions (Page-253), One and Two Sample Estimations Problems (Page-293), One and Two Sample Test of Hypotheses (Page-345), Simple Linear Regression and Correlation (Page-413), Multiple Linear Regression and Cretian Nonlinear Regression Models (Page-469), One Factor experiments: General (Page-535), Factorial Experiments (Page- 597), Factorial Experiments and Fractions (Page-635), Nonparametric Statistics (Page-695), Statistiacal Quality Control (Page-721), Bayesian Statistics (Page-749).
650 0 _aEngineering
_xStatistical methods.
_9129
650 0 _aProbabilities.
700 1 _aMyers, Raymond H.
_98670
700 1 _aMyers, Sharon L.,
_d1944-
_9100253
942 _2ddc
_cBK
999 _c189056
_d189056